Statistics for Six the musical Songs

Click here to take the quiz!

General Stats

  • This quiz has been taken 607 times
  • The average score is 9 of 11

Answer Stats

wifeAnswer% Correct
CompanySix
96%
company (all)Ex-Wives
91%
Jane SeymourHeart of Stone
91%
Anne of ClevesGet Down
89%
Katherine HowardAll You Wanna Do
88%
Catherine of AragonNo Way
85%
Catherine ParrI Don't Need Your Love
82%
Catherine Parr and company remixI Don't Need Your Love
82%
Anne BoleynDon't Lose your Head
81%
Company (all)Haus of Holbein
79%
CompanyMegasix
51%

Score Distribution

Percentile by Number Answered

Percent of People with Each Score

Your Score History

You have not taken this quiz